00186nam a2200085Ia 4500008004100000041000800041100001500049245002700064260000900091230508s1989 xx 000 0 und d aeng aPOPOV E.P. aMECHANICS OF MATERIALS c1989